[Event "GBR-ch"]
[Site "Aberystwyth, Wales"]
[Date "2014.07.23"]
[Round "5.23"]
[White "Villiers, Thomas"]
[Black "Zhang, Anthony Y"]
[Result "1/2-1/2"]
[WhiteElo "2068"]
[BlackElo "1926"]
[PlyCount "110"]
[EventDate "2014.07.19"]
[EventType "swiss"]
[EventRounds "11"]
[EventCountry "GBR"]
[Source "John Saunders"]
[SourceDate "2015.07.24"]

1. d4 d5 2. c4 c6 3. Nf3 Nf6 4. e3 Bf5 5. Nc3 e6 6. Be2 Nbd7 7. O-O h6 8. Qb3
Qc7 9. Bd2 Be7 10. cxd5 exd5 11. Rfc1 Rc8 12. Qa4 Qb8 13. b4 O-O 14. Qb3 Ne4
15. Be1 Bd6 16. h3 Ndf6 17. b5 g5 18. bxc6 bxc6 19. Nxe4 dxe4 20. Nd2 Nd7 21.
Ba6 Qxb3 22. axb3 Rb8 23. Rxc6 Bb4 24. Bc4 a5 25. Kf1 Nb6 26. Rxh6 Nxc4 27.
Nxc4 Bxe1 28. Kxe1 Bg6 29. Ne5 Kg7 30. Rxg6+ fxg6 31. Nd7 Rxb3 32. Nxf8 Kxf8
33. Rxa5 Rb1+ 34. Kd2 Rb2+ 35. Kc3 Rxf2 36. Re5 Rxg2 37. Rxe4 Rh2 38. d5 Rxh3
39. d6 Rh7 40. Kd3 Rd7 41. Rd4 Ke8 42. Ke4 Ra7 43. Ke5 Kd7 44. e4 Ra8 45. Kf6
Re8 46. Kxg6 g4 47. Kf5 g3 48. Rd2 Rg8 49. Rg2 Kxd6 50. Kf4 Rf8+ 51. Ke3 Rg8
52. Kd4 Rg4 53. Ke3 Ke5 54. Kf3 Rf4+ 55. Kxg3 Rxe4 1/2-1/2

[Event "GBR-ch"]
[Site "Aberystwyth, Wales"]
[Date "2014.07.23"]
[Round "5.24"]
[White "Hughes, Roy"]
[Black "Pleasants, Allan J"]
[Result "0-1"]
[WhiteElo "2059"]
[BlackElo "2061"]
[PlyCount "80"]
[EventDate "2014.07.19"]
[EventType "swiss"]
[EventRounds "11"]
[EventCountry "GBR"]
[Source "John Saunders"]
[SourceDate "2015.07.24"]

1. d4 d6 2. Bf4 g6 3. e3 Bg7 4. Nf3 Nd7 5. h3 e5 6. Bh2 Nh6 7. Be2 O-O 8. O-O
Qe7 9. c4 f5 10. Nc3 c6 11. Re1 Nf7 12. Qc2 e4 13. Nd2 Nf6 14. b4 Be6 15. a4
Rae8 16. c5 Kh8 17. Nc4 Bxc4 18. Bxc4 d5 19. Bf1 Nh5 20. b5 f4 21. a5 a6 22.
bxc6 bxc6 23. Bxa6 Nh6 24. Bf1 Nf5 25. a6 fxe3 26. fxe3 Nhg3 27. Bxg3 Nxg3 28.
Nd1 Rf7 29. a7 Ra8 30. Ra6 Qf8 31. Nf2 Raxa7 32. Rxa7 Rxa7 33. Be2 h5 34. Rb1
Ra3 35. Nd1 Bh6 36. Kh2 Bxe3 37. Qb2 Nxe2 38. Nxe3 Rxe3 39. Qb7 Rxh3+ 40. Kxh3
Qf5+ 0-1

[Event "GBR-ch"]
[Site "Aberystwyth, Wales"]
[Date "2014.07.23"]
[Round "5.25"]
[White "Elwin, Adrian G"]
[Black "Hill, Clive E"]
[Result "1/2-1/2"]
[WhiteElo "1974"]
[BlackElo "2330"]
[PlyCount "56"]
[EventDate "2014.07.19"]
[EventType "swiss"]
[EventRounds "11"]
[EventCountry "GBR"]
[Source "John Saunders"]
[SourceDate "2015.07.24"]

1. d4 e6 2. c4 d5 3. Nc3 c5 4. e3 Nf6 5. Nf3 Nc6 6. a3 Ne4 7. Qc2 Nxc3 8. Qxc3
Qa5 9. Bd2 Qxc3 10. Bxc3 cxd4 11. Nxd4 Nxd4 12. Bxd4 dxc4 13. Bxc4 Bd7 14. O-O
Rg8 15. Bd3 Bd6 16. Be4 Bb5 17. Rfd1 Ba6 18. f4 f5 19. Bf3 Ke7 20. Rac1 g5 21.
fxg5 Rxg5 22. Bc5 Bxc5 23. Rxc5 Rag8 24. Rd2 Kf6 25. Rc7 R5g7 26. Rdd7 Rxd7 27.
Rxd7 Rg7 28. Rxg7 Kxg7 1/2-1/2

[Event "GBR-ch"]
[Site "Aberystwyth, Wales"]
[Date "2014.07.23"]
[Round "5.26"]
[White "Clancy, Martin J"]
[Black "Wager, John D"]
[Result "1/2-1/2"]
[WhiteElo "2009"]
[BlackElo "2099"]
[PlyCount "41"]
[EventDate "2014.07.19"]
[EventType "swiss"]
[EventRounds "11"]
[EventCountry "GBR"]
[Source "John Saunders"]
[SourceDate "2015.07.24"]

1. e4 e5 2. Nf3 Nf6 3. Nxe5 d6 4. Nf3 Nxe4 5. Nc3 Nxc3 6. dxc3 Be7 7. Bd3 O-O
8. Bf4 Nd7 9. Qd2 Nc5 10. h3 Nxd3+ 11. cxd3 Be6 12. Nd4 Bd5 13. O-O Bf6 14. Nf5
Be6 15. Ng3 g6 16. Bh6 Bg7 17. Bxg7 Kxg7 18. b3 Qh4 19. Rae1 Rfe8 20. d4 Bd7
21. d5 1/2-1/2

[Event "GBR-ch"]
[Site "Aberystwyth, Wales"]
[Date "2014.07.23"]
[Round "5.27"]
[White "Simons, Martin J"]
[Black "Brusey, Alan W"]
[Result "1/2-1/2"]
[WhiteElo "2087"]
[BlackElo "1951"]
[PlyCount "53"]
[EventDate "2014.07.19"]
[EventType "swiss"]
[EventRounds "11"]
[EventCountry "GBR"]
[Source "John Saunders"]
[SourceDate "2015.07.24"]

1. d4 d5 2. e4 dxe4 3. Nc3 Nf6 4. f3 Bf5 5. g4 Bg6 6. g5 Nd5 7. fxe4 Nxc3 8.
bxc3 Bxe4 9. Nf3 e6 10. Bg2 Be7 11. Qe2 Bxf3 12. Qxf3 c6 13. O-O O-O 14. Rb1 b6
15. Qh5 Qc7 16. Rf3 g6 17. Qh6 f5 18. gxf6 Rxf6 19. Bf4 Qd7 20. Be5 Bf8 21. Qh3
Rxf3 22. Bxf3 Na6 23. Bg4 Re8 24. Re1 Nc7 25. Qg3 Nd5 26. c4 Ne7 27. Qf4
1/2-1/2

[Event "GBR-ch"]
[Site "Aberystwyth, Wales"]
[Date "2014.07.23"]
[Round "5.28"]
[White "Slade, Theodore"]
[Black "Lenier, Jude A"]
[Result "1/2-1/2"]
[WhiteElo "1818"]
[BlackElo "2099"]
[PlyCount "43"]
[EventDate "2014.07.19"]
[EventType "swiss"]
[EventRounds "11"]
[EventCountry "GBR"]
[Source "John Saunders"]
[SourceDate "2015.07.24"]

1. e4 e5 2. Nf3 Nc6 3. Bc4 Bc5 4. c3 Nf6 5. d3 a6 6. Bb3 Ba7 7. h3 d5 8. Nbd2
d4 9. Nf1 Qe7 10. Ng3 Bd7 11. Qc2 h6 12. cxd4 exd4 13. Bf4 g5 14. Bd2 Rg8 15.
h4 g4 16. Ng1 h5 17. N1e2 Rh8 18. Bg5 Qe5 19. Bf4 Qe7 20. Bg5 Qe5 21. Bf4 Qe7
22. Bg5 1/2-1/2

[Event "GBR-ch"]
[Site "Aberystwyth, Wales"]
[Date "2014.07.24"]
[Round "6.1"]
[White "Williams, Simon K"]
[Black "Hawkins, Jonathan"]
[Result "0-1"]
[WhiteElo "2462"]
[BlackElo "2516"]
[PlyCount "82"]
[EventDate "2014.07.19"]
[EventType "swiss"]
[EventRounds "11"]
[EventCountry "GBR"]
[Source "John Saunders"]
[SourceDate "2015.07.24"]

1. d4 Nf6 2. c4 g6 3. Nc3 Bg7 4. e4 d6 5. Bd3 O-O 6. Nge2 Nc6 7. O-O Nd7 8. Be3
e5 9. d5 Nd4 10. Bc2 Nxc2 11. Qxc2 f5 12. exf5 gxf5 13. f4 Nf6 14. h3 Nh5 15.
Rf3 Bd7 16. Raf1 e4 17. R3f2 Kh8 18. Qd2 Rg8 19. Bd4 Qh4 20. Nd1 Bxd4 21. Qxd4+
Rg7 22. Ne3 Rag8 23. Kh1 b6 24. b4 a6 25. a4 h6 26. c5 bxc5 27. bxc5 dxc5 28.
Qxc5 Bc8 29. Qd4 Kh7 30. Qe5 Rf7 31. Qc3 Rg6 32. a5 Rfg7 33. Qe5 Ng3+ 34. Nxg3
Rxg3 35. Re2 Re7 36. Qd4 Bd7 37. Rc1 Qxf4 38. d6 cxd6 39. Rc7 Reg7 40. Qa7 Qe5
41. Rxd7 Qa1+ 0-1

[Event "GBR-ch"]
[Site "Aberystwyth, Wales"]
[Date "2014.07.24"]
[Round "6.2"]
[White "Hebden, Mark L"]
[Black "Pert, Nicholas"]
[Result "1/2-1/2"]
[WhiteElo "2554"]
[BlackElo "2564"]
[PlyCount "110"]
[EventDate "2014.07.19"]
[EventType "swiss"]
[EventRounds "11"]
[EventCountry "GBR"]
[Source "John Saunders"]
[SourceDate "2015.07.24"]

1. d4 d5 2. Nf3 Nf6 3. c4 c6 4. e3 Bg4 5. h3 Bh5 6. Qb3 Qb6 7. Nc3 e6 8. Nh4
Na6 9. g4 Qxb3 10. axb3 Nb4 11. Ra4 Bg6 12. Nxg6 hxg6 13. c5 a5 14. g5 Nd7 15.
Kd1 Be7 16. Rg1 e5 17. Bd2 b6 18. cxb6 Nxb6 19. Ra1 e4 20. Rg4 Kd7 21. h4 Kc7
22. Be1 Nc8 23. f3 exf3 24. Rf4 Nd6 25. Rxf3 Nf5 26. Rc1 f6 27. gxf6 Bxf6 28.
Na4 Bxh4 29. Bxb4 axb4 30. Bb5 Ne7 31. Rf7 Kd6 32. Rxe7 Kxe7 33. Rxc6 Rac8 34.
Rxg6 Bf6 35. Kd2 Rh2+ 36. Be2 Rch8 37. Nc5 R8h5 38. Nd3 Rg5 39. Rxg5 Bxg5 40.
Nxb4 Kd6 41. Nc2 Bd8 42. b4 g5 43. Kd3 Rg2 44. Na3 Kc6 45. Nb1 g4 46. Nc3 Rg3
47. Kc2 Rxe3 48. Bxg4 Bb6 49. b5+ Kd6 50. Ne2 Re4 51. Bf3 Re3 52. Bg4 Ba5 53.
Nc3 Rg3 54. Bh5 Bb6 55. Ne2 Re3 1/2-1/2

[Event "GBR-ch"]
[Site "Aberystwyth, Wales"]
[Date "2014.07.24"]
[Round "6.3"]
[White "Emms, John M"]
[Black "Pert, Richard G"]
[Result "1/2-1/2"]
[WhiteElo "2456"]
[BlackElo "2430"]
[PlyCount "158"]
[EventDate "2014.07.19"]
[EventType "swiss"]
[EventRounds "11"]
[EventCountry "GBR"]
[Source "John Saunders"]
[SourceDate "2015.07.24"]

1. Nf3 d5 2. c4 e6 3. g3 dxc4 4. Qa4+ c6 5. Qxc4 b5 6. Qb3 Bb7 7. Bg2 Nd7 8. d4
Ngf6 9. O-O a6 10. Ne5 Nxe5 11. dxe5 Nd7 12. Nc3 Be7 13. Rd1 Qc7 14. Ne4 Nc5
15. Nxc5 Bxc5 16. Be3 Qxe5 17. Qc2 Bxe3 18. Bxc6+ Bxc6 19. Qxc6+ Ke7 20. Rd7+
Kf6 21. Qf3+ Kg6 22. fxe3 f5 23. Rad1 Rac8 24. Qf4 Qxf4 25. exf4 Rc2 26. Kf2
Rhc8 27. Ra7 R8c7 28. Rxc7 Rxc7 29. Rd6 Rc2 30. Rxe6+ Kf7 31. Rxa6 Rxb2 32. Ke3
b4 33. Kd3 h5 34. h4 g6 35. e3 Kg7 36. Kc4 Rb1 37. Ra7+ Kf6 38. Ra6+ Kg7 39.
Ra8 Kf6 40. Rb8 Rb2 41. Ra8 Rb1 42. Ra4 Rb2 43. Ra6+ Kg7 44. Kd4 Rb1 45. Kc4
Rb2 46. Kd3 Rg2 47. Ra4 Kf6 48. Kd4 Rd2+ 49. Kc5 Rb2 50. Kc4 Kg7 51. Kd4 Rb1
52. Ra6 Rb2 53. Ke5 b3 54. a4 Ra2 55. Ra7+ Kh6 56. Kf6 Rc2 57. Rb7 Rc4 58. a5
Rc5 59. Rxb3 Rxa5 60. Rb7 Ra6+ 61. Kf7 Ra3 62. Re7 Rb3 63. Re6 Rb7+ 64. Kf8
Rb8+ 65. Re8 Rb7 66. e4 fxe4 67. Rxe4 Rb3 68. Re7 Rb8+ 69. Kf7 Rb3 70. Re6 Rb7+
71. Re7 Rb3 72. Re6 Rb7+ 73. Kf6 Rb3 74. Re8 Rb6+ 75. Kf7 Rb7+ 76. Re7 Rb3 77.
f5 gxf5 78. Re8 Kh7 79. Kf6 Rxg3 1/2-1/2

[Event "GBR-ch"]
[Site "Aberystwyth, Wales"]
[Date "2014.07.24"]
[Round "6.4"]
[White "Howell, David W L"]
[Black "Rudd, Jack"]
[Result "1-0"]
[WhiteElo "2650"]
[BlackElo "2278"]
[PlyCount "65"]
[EventDate "2014.07.19"]
[EventType "swiss"]
[EventRounds "11"]
[EventCountry "GBR"]
[Source "John Saunders"]
[SourceDate "2015.07.24"]

1. c4 e6 2. g3 Nf6 3. Bg2 d5 4. Nf3 c6 5. Qc2 Nbd7 6. d4 Bb4+ 7. Nbd2 Ne4 8.
O-O f5 9. Ne1 Ndf6 10. Ndf3 O-O 11. Nd3 Be7 12. b3 Bd7 13. Nfe5 Be8 14. Nf4 Qc8
15. a4 Nh5 16. Nfd3 Qd8 17. a5 Rc8 18. f3 Nd6 19. Nc5 Bf7 20. Be3 f4 21. Nxf7
Kxf7 22. Bh3 fxe3 23. Nxe6 Qe8 24. Nxf8 Qxf8 25. c5 Nb5 26. Qf5+ Nf6 27. Qe6+
Kg6 28. Bf5+ Kh5 29. Qxe3 g5 30. h4 Ng8 31. hxg5 Bxg5 32. Qe6 Re8 33. Bg4# 1-0

[Event "GBR-ch"]
[Site "Aberystwyth, Wales"]
[Date "2014.07.24"]
[Round "6.5"]
[White "Zhou, Yang-Fan"]
[Black "Wadsworth, Matthew J"]
[Result "1-0"]
[WhiteElo "2475"]
[BlackElo "2221"]
[PlyCount "113"]
[EventDate "2014.07.19"]
[EventType "swiss"]
[EventRounds "11"]
[EventCountry "GBR"]
[Source "John Saunders"]
[SourceDate "2015.07.24"]

1. e4 c6 2. d4 d5 3. Nc3 dxe4 4. Nxe4 Bf5 5. Ng3 Bg6 6. Nh3 e6 7. Nf4 Bd6 8. h4
Qc7 9. Nxg6 hxg6 10. Ne4 Bf4 11. Bxf4 Qxf4 12. Ng5 Nf6 13. g3 Qd6 14. Bg2 Nbd7
15. O-O O-O 16. c3 Rac8 17. Re1 b6 18. Qa4 Qc7 19. Re2 c5 20. Rd1 cxd4 21. Qxd4
b5 22. Qb4 a6 23. a3 Qc4 24. Qxc4 bxc4 25. Bb7 Rc7 26. Bxa6 Nd5 27. Bb5 N7b6
28. a4 Ra8 29. Ra1 Ra5 30. Re4 Rc5 31. Ra3 Nc7 32. Rd4 Rd5 33. Bc6 Rxd4 34.
cxd4 Na6 35. Nf3 Nb4 36. Bb5 Kf8 37. Kf1 Ke7 38. Ne5 f6 39. Nxc4 Nxc4 40. Bxc4
Nc2 41. Ra2 Kd6 42. Ke2 Nxd4+ 43. Kd3 Nc6 44. Ra3 Rf5 45. Ke3 Re5+ 46. Kd2 g5
47. hxg5 Rxg5 48. Rd3+ Kc5 49. Bxe6 Kb4 50. b3 Re5 51. Re3 Rc5 52. Re4+ Ka5 53.
Rc4 Kb6 54. Rxc5 Kxc5 55. Kc3 Kd6 56. Bc4 Kc5 57. a5 1-0

[Event "GBR-ch"]
[Site "Aberystwyth, Wales"]
[Date "2014.07.24"]
[Round "6.6"]
[White "Harvey, Marcus R"]
[Black "Ward, Chris G"]
[Result "0-1"]
[WhiteElo "2287"]
[BlackElo "2422"]
[PlyCount "52"]
[EventDate "2014.07.19"]
[EventType "swiss"]
[EventRounds "11"]
[EventCountry "GBR"]
[Source "John Saunders"]
[SourceDate "2015.07.24"]

1. b3 e5 2. Bb2 Nc6 3. e3 d5 4. Bb5 Bd6 5. f4 f6 6. Qh5+ g6 7. Qh4 Nge7 8. Qxf6
Rf8 9. Qh4 exf4 10. exf4 Bxf4 11. Ne2 Qd6 12. Rf1 Be5 13. Bxc6+ bxc6 14. Rxf8+
Kxf8 15. Bxe5 Qxe5 16. d4 Qe3 17. Qf2+ Nf5 18. Nd2 Ba6 19. g4 Re8 20. c4 Qxd4
21. Rc1 Qxg4 22. Nf3 Kg8 23. Kd2 dxc4 24. bxc4 Bxc4 25. Ned4 Qf4+ 26. Kc2 c5
0-1

[Event "GBR-ch"]
[Site "Aberystwyth, Wales"]
[Date "2014.07.24"]
[Round "6.7"]
[White "Fernandez, Daniel Howard"]
[Black "Jackson, James P"]
[Result "1-0"]
[WhiteElo "2396"]
[BlackElo "2320"]
[PlyCount "69"]
[EventDate "2014.07.19"]
[EventType "swiss"]
[EventRounds "11"]
[EventCountry "GBR"]
[Source "John Saunders"]
[SourceDate "2015.07.24"]

1. b3 d5 2. Bb2 c5 3. e3 e6 4. Nf3 Nf6 5. Be2 Bd6 6. c4 dxc4 7. bxc4 Nc6 8. d4
cxd4 9. exd4 O-O 10. O-O b6 11. Nc3 Bb7 12. Qa4 Rc8 13. Rad1 Re8 14. Ba3 Bb8
15. Rfe1 a6 16. d5 exd5 17. Nxd5 Nxd5 18. cxd5 Na5 19. d6 Re4 20. Rd4 b5 21.
Qd1 Rxd4 22. Qxd4 Nc6 23. Qd5 Qd7 24. Bd3 g6 25. Ne5 Nxe5 26. Qxe5 Qe6 27. Qa1
Qg4 28. Bf1 b4 29. Bc1 Qf5 30. Bh6 f6 31. d7 Qxd7 32. Qxf6 Qf7 33. Bc4 Rxc4 34.
Re8+ Qxe8 35. Qg7# 1-0

[Event "GBR-ch"]
[Site "Aberystwyth, Wales"]
[Date "2014.07.24"]
[Round "6.8"]
[White "Arkell, Keith C"]
[Black "Shaw, Peter"]
[Result "1-0"]
[WhiteElo "2433"]
[BlackElo "2178"]
[PlyCount "95"]
[EventDate "2014.07.19"]
[EventType "swiss"]
[EventRounds "11"]
[EventCountry "GBR"]
[Source "John Saunders"]
[SourceDate "2015.07.24"]

1. d4 d5 2. c4 e6 3. Nf3 Nf6 4. Nc3 Be7 5. cxd5 exd5 6. Bg5 c6 7. Qc2 g6 8. e3
Bf5 9. Bd3 Bxd3 10. Qxd3 O-O 11. Bxf6 Bxf6 12. b4 a6 13. a4 Nd7 14. O-O b5 15.
a5 Be7 16. Na2 Bd6 17. Qb3 Qe7 18. Rac1 Rac8 19. Rc2 Rc7 20. Ne1 Qh4 21. g3 Qh3
22. Nf3 Kg7 23. Rfc1 Rfc8 24. Qd3 Qe6 25. Rb1 Nf6 26. Nc1 Qe7 27. Qb3 Qe4 28.
Nd2 Qe6 29. Qd3 Ne4 30. Qe2 Nxd2 31. Qxd2 h5 32. Qe2 Rh8 33. Qf3 Qg4 34. Qxg4
hxg4 35. Nd3 f5 36. Rbc1 Rhc8 37. Kg2 g5 38. h3 gxh3+ 39. Kxh3 g4+ 40. Kg2 Kg6
41. Kf1 Kg7 42. Ke2 Kg6 43. Ne5+ Bxe5 44. dxe5 Kf7 45. Kd3 Ke6 46. Kd4 Kd7 47.
Rh1 Rf8 48. Rh6 1-0

[Event "GBR-ch"]
[Site "Aberystwyth, Wales"]
[Date "2014.07.24"]
[Round "6.9"]
[White "Tan, Justin"]
[Black "Fernandez, Michael"]
[Result "1/2-1/2"]
[WhiteElo "2375"]
[BlackElo "2029"]
[PlyCount "79"]
[EventDate "2014.07.19"]
[EventType "swiss"]
[EventRounds "11"]
[EventCountry "GBR"]
[Source "John Saunders"]
[SourceDate "2015.07.24"]

1. d4 d5 2. c4 c6 3. Nf3 Nf6 4. Nc3 e6 5. Bg5 dxc4 6. e4 b5 7. e5 h6 8. Bh4 g5
9. Bg3 Nd5 10. Nd2 h5 11. h4 g4 12. Nde4 Nd7 13. f3 b4 14. Nxd5 cxd5 15. Nd6+
Bxd6 16. exd6 Rg8 17. Bf4 Nf8 18. Qa4+ Bd7 19. Qxb4 gxf3 20. gxf3 Qf6 21. Qd2
Ng6 22. Bg5 Qxf3 23. Rh3 Qe4+ 24. Kf2 Nf8 25. Re1 Qg6 26. Rg3 Qf5+ 27. Rf3 Qg6
28. Bh3 Nh7 29. Bf5 Qg7 30. Rg3 Nf6 31. Reg1 Ng4+ 32. Bxg4 hxg4 33. Rxg4 Qh7
34. Be7 Rxg4 35. Rxg4 Bc6 36. Rg3 Qe4 37. Rg8+ Kd7 38. Rxa8 Bxa8 39. Kg3 e5 40.
Qf2 1/2-1/2

[Event "GBR-ch"]
[Site "Aberystwyth, Wales"]
[Date "2014.07.24"]
[Round "6.10"]
[White "Lewis, Andrew P"]
[Black "Willmoth, Robert F"]
[Result "1/2-1/2"]
[WhiteElo "2286"]
[BlackElo "2159"]
[PlyCount "85"]
[EventDate "2014.07.19"]
[EventType "swiss"]
[EventRounds "11"]
[EventCountry "GBR"]
[Source "John Saunders"]
[SourceDate "2015.07.24"]

1. Nf3 d6 2. c4 e5 3. d4 e4 4. Ng5 f5 5. Nc3 Be7 6. Nh3 c6 7. g3 Nf6 8. Bg5 Na6
9. e3 Nc7 10. Nf4 O-O 11. h4 Bd7 12. Be2 Ne6 13. Qb3 Rb8 14. c5 d5 15. Nxe6
Bxe6 16. Bf4 b5 17. Bxb8 Qxb8 18. Bd1 a5 19. Ne2 Bd8 20. Nf4 Bd7 21. h5 Bc7 22.
Be2 Bxf4 23. gxf4 h6 24. Kf1 Be6 25. Kg2 Bf7 26. Rh3 Kh7 27. Rah1 Rg8 28. Qc3
Qc7 29. Qe1 Be8 30. Rg3 Bf7 31. Qg1 Qe7 32. Qh2 Qe8 33. Kf1 Kh8 34. Qh3 Qd7 35.
Rhg1 Kh7 36. Qh4 Qe7 37. Ke1 Qe6 38. Qh2 Kh8 39. Qg2 Ne8 40. Kd2 Qd7 41. Bd1
Kh7 42. f3 Be6 43. Kc1 1/2-1/2

[Event "GBR-ch"]
[Site "Aberystwyth, Wales"]
[Date "2014.07.24"]
[Round "6.11"]
[White "Storey, Charles H"]
[Black "Kett, Tim"]
[Result "1-0"]
[WhiteElo "2241"]
[BlackElo "2270"]
[PlyCount "71"]
[EventDate "2014.07.19"]
[EventType "swiss"]
[EventRounds "11"]
[EventCountry "GBR"]
[Source "John Saunders"]
[SourceDate "2015.07.24"]

1. c4 Nf6 2. g3 c6 3. Bg2 d5 4. Qc2 g6 5. Nf3 Bg7 6. d4 O-O 7. O-O dxc4 8. Nbd2
b5 9. a4 Na6 10. b3 Nb4 11. Qb2 cxb3 12. Qxb3 a5 13. Ba3 Be6 14. Qb1 Nfd5 15.
Rc1 Rc8 16. e4 Nb6 17. axb5 c5 18. dxc5 Bxa1 19. Bxb4 axb4 20. Qxa1 Nd7 21. c6
Nb6 22. Qb2 Ra8 23. Qxb4 Ra2 24. h3 Qd6 25. Qc3 Rfa8 26. Qe3 Qa3 27. Rc3 Qb2
28. Bf1 Ra1 29. Kg2 R8a2 30. Rd3 Rxf1 31. Qh6 Ra8 32. Nxf1 Qxb5 33. Ng5 Qe5 34.
Qxh7+ Kf8 35. Nxe6+ fxe6 36. Rf3+ 1-0

[Event "GBR-ch"]
[Site "Aberystwyth, Wales"]
[Date "2014.07.24"]
[Round "6.12"]
[White "Batchelor, Peter J"]
[Black "McPhillips, Joseph"]
[Result "1/2-1/2"]
[WhiteElo "2177"]
[BlackElo "2200"]
[PlyCount "110"]
[EventDate "2014.07.19"]
[EventType "swiss"]
[EventRounds "11"]
[EventCountry "GBR"]
[Source "John Saunders"]
[SourceDate "2015.07.24"]

1. d4 d5 2. c4 Nc6 3. Nf3 Bg4 4. cxd5 Bxf3 5. gxf3 Qxd5 6. e3 e6 7. Nc3 Qh5 8.
Be2 Qh3 9. f4 Nf6 10. Bd2 Bb4 11. Bf3 O-O 12. Qe2 Nd5 13. Nxd5 exd5 14. Bxb4
Nxb4 15. a3 Nc2+ 16. Qxc2 Qxf3 17. Rg1 Rfe8 18. Qe2 Qe4 19. Rc1 c6 20. Kd2 Re7
21. Qg4 f5 22. Qg2 Qe6 23. Qh3 Rc8 24. Rg5 Rf7 25. Rh5 g6 26. Rg5 b6 27. Qf1 c5
28. Qd3 Rfc7 29. Rgg1 c4 30. Qc2 b5 31. h4 a5 32. h5 b4 33. axb4 axb4 34. hxg6
hxg6 35. Qa4 Qb6 36. Ke2 Kg7 37. Ra1 Qd6 38. Qb5 Rc6 39. Ra7+ R8c7 40. Rxc7+
Rxc7 41. Ra1 c3 42. bxc3 bxc3 43. Rc1 Rc4 44. Qe8 c2 45. Qe5+ Qxe5 46. fxe5 f4
47. Kd2 f3 48. Rxc2 g5 49. Ra2 g4 50. Ra7+ Kg6 51. e6 Kf6 52. e7 Kf7 53. e8=Q+
Kxe8 54. Rg7 Ra4 55. Rxg4 Ra2+ 1/2-1/2

[Event "GBR-ch"]
[Site "Aberystwyth, Wales"]
[Date "2014.07.24"]
[Round "6.13"]
[White "Brown, Martin"]
[Black "Tambini, Jasper"]
[Result "1-0"]
[WhiteElo "2194"]
[BlackElo "2047"]
[PlyCount "85"]
[EventDate "2014.07.19"]
[EventType "swiss"]
[EventRounds "11"]
[EventCountry "GBR"]
[Source "John Saunders"]
[SourceDate "2015.07.24"]

1. e4 e5 2. Nf3 Nc6 3. d4 exd4 4. Nxd4 Nf6 5. Nxc6 bxc6 6. e5 Qe7 7. Qe2 Nd5 8.
c4 Ba6 9. b3 g5 10. g3 Bg7 11. Bb2 O-O 12. Nd2 f6 13. Qh5 fxe5 14. cxd5 Bxf1
15. Rxf1 cxd5 16. h4 h6 17. O-O-O Rf5 18. f4 exf4 19. Qg6 Raf8 20. Rfe1 Qf7 21.
Qxg7+ Qxg7 22. Bxg7 Kxg7 23. g4 R5f7 24. Nf3 c6 25. hxg5 hxg5 26. Re5 Rf6 27.
Rde1 Rh8 28. Rxg5+ Rg6 29. Re7+ Kf6 30. Rxg6+ Kxg6 31. Rxd7 Rh3 32. Rd6+ Kg7
33. Nd4 Rg3 34. Nf5+ Kf7 35. Rxc6 Rg1+ 36. Kd2 Rg2+ 37. Ke1 Rxa2 38. Kf1 f3 39.
Nd4 a5 40. g5 a4 41. g6+ Kg8 42. Nf5 axb3 43. Rc8# 1-0

[Event "GBR-ch"]
[Site "Aberystwyth, Wales"]
[Date "2014.07.24"]
[Round "6.14"]
[White "Jarmany, John"]
[Black "Mason, Donald J"]
[Result "1/2-1/2"]
[WhiteElo "2073"]
[BlackElo "2167"]
[PlyCount "69"]
[EventDate "2014.07.19"]
[EventType "swiss"]
[EventRounds "11"]
[EventCountry "GBR"]
[Source "John Saunders"]
[SourceDate "2015.07.24"]

1. e4 e6 2. d4 d5 3. Nd2 c5 4. exd5 exd5 5. Ngf3 Nf6 6. Bb5+ Bd7 7. Bxd7+ Nbxd7
8. O-O Be7 9. dxc5 Nxc5 10. Nd4 O-O 11. N2b3 Qd7 12. Qf3 Ne6 13. Rd1 Rac8 14.
Be3 b6 15. Rac1 Rc4 16. Nf5 Rfc8 17. Nxe7+ Qxe7 18. c3 Qc7 19. Nd4 Qe5 20. Qh3
Nf4 21. Qf5 Ne2+ 22. Kf1 Qxf5 23. Nxf5 Nxc1 24. Ne7+ Kf8 25. Nxc8 Rxc8 26. Bxc1
h6 27. f3 Ke7 28. Be3 Kd6 29. Bd4 Ne8 30. Kf2 g6 31. g4 Nc7 32. Bg7 Ne6 33. Bf6
b5 34. a3 a5 35. Rd2 1/2-1/2

[Event "GBR-ch"]
[Site "Aberystwyth, Wales"]
[Date "2014.07.24"]
[Round "6.15"]
[White "Pleasants, Allan J"]
[Black "Graham, David B"]
[Result "1/2-1/2"]
[WhiteElo "2061"]
[BlackElo "2155"]
[PlyCount "102"]
[EventDate "2014.07.19"]
[EventType "swiss"]
[EventRounds "11"]
[EventCountry "GBR"]
[Source "John Saunders"]
[SourceDate "2015.07.24"]

1. e4 e6 2. d4 d5 3. Nc3 Bb4 4. exd5 exd5 5. Bd3 Nc6 6. a3 Bxc3+ 7. bxc3 Nge7
8. Ne2 Bf5 9. Rb1 b6 10. Ng3 Bxd3 11. cxd3 Qd6 12. O-O O-O 13. Qf3 Ng6 14. Nf5
Qd7 15. Bg5 f6 16. Bd2 Nce7 17. Nxe7+ Nxe7 18. c4 c6 19. a4 Rfe8 20. a5 b5 21.
a6 dxc4 22. dxc4 Qxd4 23. Bb4 Qxc4 24. Bxe7 Rxe7 25. Rfc1 Qe4 26. Qxe4 Rxe4 27.
Rxc6 Rae8 28. g3 R4e6 29. Rc7 R8e7 30. Rxe7 Rxe7 31. Rxb5 Kf7 32. Kg2 g6 33. h4
f5 34. h5 Kf6 35. hxg6 hxg6 36. Rb7 Ke6 37. g4 Kd6 38. gxf5 gxf5 39. Rxe7 Kxe7
40. Kf3 Ke6 41. Kf4 Kf6 42. f3 Ke6 43. Kg5 Ke5 44. Kg6 Kf4 45. Kf6 Kxf3 46.
Kxf5 Kg3 47. Ke4 Kg4 48. Kd5 Kf5 49. Kc6 Ke6 50. Kb7 Kd7 51. Kxa7 Kc7 1/2-1/2

[Event "GBR-ch"]
[Site "Aberystwyth, Wales"]
[Date "2014.07.24"]
[Round "6.16"]
[White "Taylor, Adam A"]
[Black "Waddington, Mike P"]
[Result "1-0"]
[WhiteElo "2021"]
[BlackElo "2085"]
[PlyCount "97"]
[EventDate "2014.07.19"]
[EventType "swiss"]
[EventRounds "11"]
[EventCountry "GBR"]
[Source "John Saunders"]
[SourceDate "2015.07.24"]

1. Nf3 c5 2. c4 Nf6 3. Nc3 d5 4. cxd5 Nxd5 5. e4 Nb4 6. Bb5+ N8c6 7. d4 cxd4 8.
a3 dxc3 9. Qxd8+ Kxd8 10. axb4 cxb2 11. Bxb2 f6 12. e5 Kc7 13. O-O Bg4 14. Bxc6
bxc6 15. Nd4 fxe5 16. Nb3 e6 17. h3 Be2 18. Bxe5+ Bd6 19. Bxd6+ Kxd6 20. Rfc1
Rhb8 21. Nd4 Bb5 22. Rc3 Rd8 23. Re1 Re8 24. Rd1 Ke7 25. Nxc6+ Bxc6 26. Rxc6
Rac8 27. Ra6 Rc7 28. Rda1 Rb8 29. Rxa7 Rxa7 30. Rxa7+ Kf6 31. Ra4 Rb7 32. g4
Ke5 33. Kg2 h6 34. Kg3 g5 35. h4 Kd4 36. h5 Rb6 37. b5+ Kd5 38. Ra8 Rxb5 39.
Rh8 Rb3+ 40. f3 e5 41. Rxh6 e4 42. Rf6 e3 43. Rf5+ Kd6 44. Rf8 Ke7 45. Ra8 Kf7
46. Ra5 Kf6 47. Rf5+ Ke6 48. Rxg5 Rb1 49. Kf4 1-0

[Event "GBR-ch"]
[Site "Aberystwyth, Wales"]
[Date "2014.07.24"]
[Round "6.17"]
[White "Haria, Ravi"]
[Black "Bullen, Alex"]
[Result "1-0"]
[WhiteElo "2202"]
[BlackElo "2054"]
[PlyCount "69"]
[EventDate "2014.07.19"]
[EventType "swiss"]
[EventRounds "11"]
[EventCountry "GBR"]
[Source "John Saunders"]
[SourceDate "2015.07.24"]

1. e4 c5 2. Nf3 Nc6 3. Bb5 e6 4. Bxc6 bxc6 5. b3 d5 6. d3 Ba6 7. c4 Nf6 8. Qe2
d4 9. O-O Qc7 10. e5 Nd7 11. Bf4 O-O-O 12. Nbd2 f5 13. a3 h6 14. h4 Nb6 15. b4
Qf7 16. bxc5 Na4 17. Nb3 Nc3 18. Qd2 g5 19. Bh2 Ne4 20. Qa5 Qb7 21. Nfxd4 Rxd4
22. Nxd4 Nxc5 23. Nxe6 Nxe6 24. Rab1 Bb5 25. cxb5 c5 26. Qa6 Qxa6 27. bxa6 f4
28. Rb7 gxh4 29. Rxa7 Rg8 30. Kh1 h3 31. gxh3 f3 32. Ra8+ Kc7 33. Re8 Ng5 34.
e6+ Kc6 35. a7 1-0